[Event "Bad Homburg 73/21"]
[Site "?"]
[Date "1998.??.??"]
[Round "?"]
[White "Kortschnoj, Viktor"]
[Black "Torre, Eugenio"]
[Result "1-0"]
[WhiteElo "2625"]
[BlackElo "2545"]
[PlyCount "139"]
[EventDate "1998.??.??"]
[Source "ChessBase"]
[SourceDate "1998.06.01"]

1. c4 e5 2. Nc3 Bb4 3. Nd5 Ba5 4. b4 c6 5. bxa5 cxd5 6. cxd5 Qxa5 7. e4 d6 8. Qb3 Nd7 9. Ba3 Ngf6 10. f3 Nc5 11. Bb5+ Bd7 12. Bxc5 dxc5 13. Bxd7+ Nxd7 14. Qxb7 Rb8 15. Qc6 Rb2 16. Rd1 Kd8 17. d6 Re8 18. Nh3 h6 19. O-O Qb6 20. Qa8+ Qb8 21. Qxb8+ Rxb8 22. Rb1 Rxb1 23. Rxb1 Re6 24. Kf2 Rxd6 25. Ke2 Kc7 26. Nf2 Ra6 27. Rb2 Rb6 28. Nd1 Kc6 29. Kd3 Rxb2 30. Nxb2 Nb6 31. Kc3 Kb5 32. d3 f6 33. Kb3 a6 34. g3 Kc6 35. Nd1 Nc8 36. Ne3 Nd6 37. Ka4 Kb6 38. f4 exf4 39. gxf4 Nb5 40. Nd5+ Kb7 41. Kb3 Nd4+ 42. Kc4 Kc6 43. Ne7+ Kd6 44. Ng6 Nf3 45. h3 h5 46. h4 Nd2+ 47. Kc3 Nf3 48. f5 Kc6 49. Nf4 Nxh4 50. Nxh5 g6 51. fxg6 Nxg6 52. Nxf6 Ne5 53. Nd5 Nf3 54. Ne3 Nd4 55. Nc4 Kb5 56. Na3+ Kc6 57. Kd2 Kd6 58. Nc4+ Kc6 59. Na5+ Kb5 60. Nb3 Ne6 61. Kc3 Nd8 62. a4+ Kc6 63. Kc4 Nb7 64. e5 a5 65. d4 cxd4 66. Nxd4+ Kb6 67. Ne6 Kc6 68. Kd4 Kb6 69. Kd5 Ka7 70. Nc5 1-0

[Event "Tilburg (Interpolis)"]
[Site "?"]
[Date "1993.??.??"]
[Round "?"]
[White "Georgiev, Ki"]
[Black "Bologan, V."]
[Result "1-0"]
[WhiteElo "2660"]
[BlackElo "2510"]
[PlyCount "79"]
[EventDate "1993.??.??"]
[Source "ChessBase"]
[SourceDate "1993.10.01"]

1. c4 e5 2. Nc3 Bb4 3. Nd5 Be7 4. Nf3 d6 5. g3 f5 6. Bg2 Nf6 7. O-O O-O 8. b4 Nxd5 9. cxd5 Nd7 10. d3 Kh8 11. Bd2 Nf6 12. Qb3 Qe8 13. Rac1 Qh5 14. Rxc7 Bd8 15. Rc4 e4 16. Nd4 Ng4 17. h3 Ne5 18. Bf4 Nxc4 19. dxc4 Be7 20. Nb5 Rd8 21. Re1 b6 22. c5 dxc5 23. d6 Bg5 24. Bxg5 Qxg5 25. bxc5 Bd7 26. Nc7 Rab8 27. c6 Bxc6 28. Ne6 Qf6 29. Nxd8 Rxd8 30. Qa3 Qxd6 31. Qxa7 Bb5 32. e3 Bd3 33. Rc1 Bc2 34. Bf1 Qc6 35. Qe7 Ra8 36. Qe5 Qa4 37. Qxf5 Qxa2 38. Bg2 Qb2 39. Rxc2 Qxc2 40. Bxe4 1-0

[Event "Saint_Martin"]
[Site "?"]
[Date "1993.??.??"]
[Round "?"]
[White "Renet, O."]
[Black "Gulko, B."]
[Result "0-1"]
[WhiteElo "2535"]
[BlackElo "2625"]
[PlyCount "40"]
[EventDate "1993.??.??"]
[Source "ChessBase"]
[SourceDate "1993.06.01"]

1. c4 e5 2. Nc3 Bb4 3. Nd5 Be7 4. d4 d6 5. Nf3 c6 6. Nxe7 Qxe7 7. Bg5 f6 8. Be3 Na6 9. g3 Qf7 10. b3 Ne7 11. Bg2 O-O 12. O-O Qh5 13. dxe5 dxe5 14. Qd2 Bg4 15. Rfd1 Nf5 16. Qc3 c5 17. Ne1 Nd4 18. Rd2 Bxe2 19. Bxb7 Rab8 20. Bxa6 Qh3 0-1

[Event "Metz"]
[Site "?"]
[Date "1994.??.??"]
[Round "?"]
[White "Hodgson, Ju"]
[Black "Psakhis, L."]
[Result "1-0"]
[WhiteElo "2570"]
[BlackElo "2585"]
[PlyCount "57"]
[EventDate "1994.??.??"]
[Source "ChessBase"]
[SourceDate "1994.02.01"]

1. c4 e5 2. Nc3 Bb4 3. g3 Bxc3 4. bxc3 d6 5. Bg2 f5 6. c5 dxc5 7. Ba3 Qd6 8. d4 exd4 9. cxd4 Qxd4 10. Qc1 Qf6 11. Nh3 Nd7 12. O-O Ne7 13. Bb2 Qf7 14. e4 O-O 15. Ng5 Qg6 16. exf5 Rxf5 17. Re1 Nd5 18. h4 N7b6 19. Qxc5 c6 20. Be4 h6 21. Nf3 Na4 22. Qc2 Nxb2 23. Nd4 Ne7 24. Nxf5 Nxf5 25. Qxb2 Qf7 26. Bc2 c5 27. Qb5 Be6 28. Qxc5 Rc8 29. Qxc8+ 1-0

[Event "Monarch Assurance"]
[Site "Isle of Man"]
[Date "2007.09.28"]
[Round "7.5"]
[White "Iordachescu, Viorel"]
[Black "Kritz, Leonid"]
[Result "1-0"]
[WhiteElo "2584"]
[BlackElo "2571"]
[PlyCount "107"]
[EventDate "2007.09.22"]
[Source "www.chesslib.no"]
[SourceDate "2004.05.04"]

1. c4 e5 2. Nc3 Bb4 3. Nd5 Be7 4. d4 d6 5. Nf3 c6 6. Nxe7 Qxe7 7. c5 e4 8. cxd6 Qxd6 9. Ne5 Be6 10. b3 b5 11. f3 f6 12. Ng4 Bxg4 13. fxg4 Ne7 14. g3 h5 15. g5 f5 16. Bf4 Qb4+ 17. Qd2 Qxd2+ 18. Kxd2 Ng6 19. e3 Nxf4 20. gxf4 g6 21. a4 bxa4 22. bxa4 Rh7 23. Be2 Rc7 24. a5 Nd7 25. Rab1 Ke7 26. Rhc1 Kd6 27. Bc4 Rf8 28. Ba6 c5 29. Bb7 Rb8 30. a6 Re8 31. Rb5 Rd8 32. Rc4 Re8 33. Kc2 Rf8 34. Kb3 Rb8 35. Ka3 Rf8 36. Rc2 Rb8 37. Kb2 Rf8 38. Rc4 Rb8 39. Kc2 Rf8 40. Kb3 Rb8 41. Kb2 Rf8 42. Kc1 Rb8 43. Kd1 Rf8 44. Rb2 cxd4 45. Rxc7 Kxc7 46. Rc2+ Kb6 47. Rc6+ Kb5 48. exd4 Nb6 49. Rxg6 Rd8 50. Rf6 Rxd4+ 51. Ke1 Na4 52. Rxf5+ Kc4 53. g6 Nc3 54. g7 1-0

[Event "05.OIBayEM Bad Wiessee op"]
[Site "?"]
[Date "2001.11.04"]
[Round "9"]
[White "Miezis Normunds"]
[Black "Dautov Rustem"]
[Result "0-1"]
[WhiteElo "2524"]
[BlackElo "2630"]
[PlyCount "126"]
[EventDate "2001.??.??"]
[Source "www.chesslib.no"]
[SourceDate "2004.05.04"]

1. c4 e5 2. Nc3 Bb4 3. g3 Bxc3 4. dxc3 d6 5. e4 Ne7 6. Nf3 Nbc6 7. Bg2 h6 8. Qe2 Be6 9. b3 Qd7 10. h3 f6 11. Ba3 O-O 12. Rd1 b6 13. Nd2 Rae8 14. Bc1 Ng6 15. Qh5 Qf7 16. O-O a5 17. Kh2 Nb8 18. Rde1 Nd7 19. Qe2 Kh8 20. Bf3 Ne7 21. Bg2 Nc5 22. b4 Nd7 23. a3 Qg8 24. Qd3 Qf7 25. Qe2 Qg8 26. Qd3 Rd8 27. Re3 Nc6 28. Bb2 Qf7 29. Rfe1 Ne7 30. Rf1 Nb8 31. Qe2 Rfe8 32. Bc1 Nbc6 33. Bb2 axb4 34. cxb4 Nd4 35. Qd3 c5 36. f4 g5 37. f5 Bd7 38. b5 Ra8 39. Rc1 d5 40. exd5 Nexf5 41. Ree1 Nd6 42. g4 h5 43. gxh5 Qxh5 44. Rf1 Kg7 45. Rce1 Bf5 46. Be4 Bd7 47. Bg2 Bf5 48. Be4 Nxe4 49. Nxe4 Qg6 50. Re3 Rh8 51. Bxd4 exd4 52. Rxf5 Qxf5 53. Rf3 Qe5+ 54. Kg2 g4 55. Rg3 f5 56. Nf2 Rae8 57. hxg4 f4 58. Rf3 Qg5 59. Qd1 Re3 60. Qa4 Rhe8 61. Qa7+ R8e7 62. Qxb6 Rxf3 63. Kxf3 Qh4 0-1

[Event "Bundesliga 9900"]
[Site "Germany"]
[Date "2000.01.30"]
[Round "9"]
[White "Van der Sterren, Paul"]
[Black "Hodgson, Julian M"]
[Result "1/2-1/2"]
[WhiteElo "2526"]
[BlackElo "2625"]
[PlyCount "52"]
[EventDate "1999.10.??"]
[Source "ChessBase"]
[SourceDate "2000.03.10"]

1. c4 e5 2. Nc3 Bb4 3. Nd5 Be7 4. d4 d6 5. g3 Nf6 6. Nxe7 Qxe7 7. Bg2 exd4 8. Qxd4 Nc6 9. Qc3 O-O 10. Bg5 Re8 11. Bxf6 Qxf6 12. Qxf6 gxf6 13. f4 Be6 14. b3 a5 15. Nf3 a4 16. Kf2 d5 17. cxd5 Bxd5 18. Rhd1 Nb4 19. Ne1 Bxg2 20. Nxg2 c5 21. bxa4 Rxa4 22. a3 Nc6 23. e3 Rd8 24. Rxd8+ Nxd8 25. Rd1 Nc6 26. Rd7 c4 1/2-1/2

[Event "ch-EU"]
[Site "?"]
[Date "2005.03.30"]
[Round "9"]
[White "Miezis Normunds"]
[Black "Gyimesi Zoltan"]
[Result "1/2-1/2"]
[WhiteElo "2547"]
[BlackElo "2602"]
[PlyCount "169"]
[EventDate "2005.??.??"]
[Source "www.chesslib.no"]
[SourceDate "2004.05.04"]

1. c4 e5 2. Nc3 Bb4 3. g3 Bxc3 4. dxc3 d6 5. e4 Nc6 6. Nf3 h6 7. Bg2 Be6 8. b3 Qd7 9. h3 Nge7 10. Nd2 O-O 11. Qh5 a6 12. a4 Na5 13. O-O b5 14. f4 f6 15. axb5 axb5 16. fxe5 dxe5 17. cxb5 Nxb3 18. Nxb3 Bxb3 19. Ba3 Rfe8 20. Qe2 Qe6 21. Qf2 Bc4 22. Rfb1 Bd3 23. Rb4 Ra5 24. Qc5 Qb6 25. Qxb6 cxb6 26. Bb2 Rxb5 27. Rxb5 Bxb5 28. Bc1 Rc8 29. Bd2 Bd3 30. Kf2 Rc7 31. Ra8+ Kf7 32. Bf3 b5 33. Bh5+ g6 34. Bf3 h5 35. Rd8 Bc4 36. h4 Nc6 37. Ra8 Ra7 38. Rc8 Ne7 39. Rd8 Ke6 40. Be3 Ra2+ 41. Ke1 f5 42. Bd2 fxe4 43. Bxe4 Nf5 44. Re8+ Kd6 45. Rd8+ Kc7 46. Re8 Nxg3 47. Rxe5 Nxe4 48. Rxe4 Kd7 49. Re5 Kc6 50. Rg5 Bd3 51. Re5 Ra1+ 52. Kf2 Rf1+ 53. Kg3 Rg1+ 54. Kf3 Rg4 55. Be1 Bf5 56. Ke3 Kb6 57. Kf3 Rc4 58. Re7 Bg4+ 59. Ke3 Bc8 60. Rg7 Rc6 61. Kf4 Kc5 62. Re7 Be6 63. Kg5 Bf5 64. Re3 Kc4 65. Bg3 Bd3 66. Be1 Rc5+ 67. Kh6 Rf5 68. Re7 Rf3 69. Rc7+ Kb3 70. Bd2 Kc2 71. Bg5 Be2 72. Re7 Bd3 73. Rc7 Rf5 74. Rc6 Re5 75. Bf6 Rd5 76. Kg7 Rd7+ 77. Kh6 Rf7 78. Kg5 Kb3 79. Rc8 Ra7 80. Rd8 Kc2 81. Rc8 Ra1 82. Kh6 Rf1 83. Kg7 Rf3 84. Rc5 Rf4 85. Rc8 1/2-1/2

[Event "Bundesliga 9192"]
[Site "GER"]
[Date "1992.??.??"]
[Round "?"]
[White "Christiansen, Larry M"]
[Black "Chekhov, Valery A"]
[Result "1-0"]
[WhiteElo "2595"]
[BlackElo "2550"]
[PlyCount "55"]
[EventDate "1991.10.??"]
[Source "www.chesslib.no"]
[SourceDate "2004.05.04"]

1. c4 e5 2. Nc3 Bb4 3. Nd5 Ba5 4. b4 c6 5. bxa5 cxd5 6. cxd5 Qxa5 7. Qb3 Nf6 8. Nf3 d6 9. Ba3 Qxd5 10. Qxd5 Nxd5 11. Bxd6 e4 12. Nd4 Bd7 13. f3 exf3 14. gxf3 Nc6 15. Nxc6 Bxc6 16. Rg1 Rd8 17. Bc5 g6 18. Rc1 f5 19. e3 a5 20. Kf2 Rg8 21. Bd4 f4 22. Rg5 fxe3+ 23. dxe3 Rf8 24. Rc5 Nf6 25. Rce5+ Kd7 26. Bh3+ Kc7 27. Re7+ Nd7 28. f4 1-0

[Event "Biel"]
[Site "?"]
[Date "1991.??.??"]
[Round "?"]
[White "Lautier, J."]
[Black "Gavrikov, V."]
[Result "1/2-1/2"]
[WhiteElo "2560"]
[BlackElo "2585"]
[PlyCount "209"]
[EventDate "1991.??.??"]
[Source "ChessBase"]
[SourceDate "1991.06.01"]

1. c4 e5 2. Nc3 Bb4 3. Nd5 Be7 4. Nf3 Nc6 5. d4 e4 6. Nd2 f5 7. e3 Nf6 8. Nxe7 Qxe7 9. Be2 d6 10. b4 O-O 11. b5 Nd8 12. a4 Ne6 13. Nb3 Ng4 14. g3 Ng5 15. h3 Nf6 16. Ba3 Re8 17. h4 Nf7 18. c5 Be6 19. Na5 Bd5 20. Rc1 dxc5 21. Rxc5 Qd7 22. Rc3 Nd6 23. Qc2 Rac8 24. Kd2 Ng4 25. Rc1 Re7 26. Ke1 Rf7 27. Bxd6 Qxd6 28. Bc4 Bxc4 29. Rxc4 Qb6 30. Nb3 Qh6 31. Qe2 Qd6 32. Rc5 b6 33. R5c4 Nf6 34. Kf1 Nd5 35. Rc6 Qe7 36. Nd2 Nb4 37. R6c4 g6 38. Rb1 Nd5 39. Rcc1 Qe6 40. Rc6 Qe7 41. Qc4 Rd8 42. Qb3 g5 43. hxg5 Qxg5 44. Nc4 h5 45. Ne5 Rg7 46. Rbc1 Kh7 47. Ke2 Re7 48. Rh1 Kg7 49. Rg6+ Qxg6 50. Nxg6 Kxg6 51. Rc1 Re6 52. Qa3 Kf6 53. a5 Red6 54. Kd2 Kg6 55. Rc4 Kf7 56. axb6 axb6 57. Qa7 Kf6 58. Qb7 Ke7 59. Kc1 Kf7 60. Kb2 Ke7 61. Kb3 Kf7 62. Rc6 Rxc6 63. Qxc6 Rd6 64. Qb7 Rd7 65. Kc4 Nf6 66. Qc8 Kg6 67. Qa8 Re7 68. Qc6 Kf7 69. Kc3 Kg7 70. Kd2 Ne8 71. Ke2 Nd6 72. Kf1 Kf6 73. Kg2 Kg5 74. Kh3 Kf6 75. Kh4 Rf7 76. Qd5 Ke7 77. Kxh5 Kd8 78. Kg6 Re7 79. Kf6 Re8 80. Qc6 Kc8 81. Qa8+ Kd7 82. Qc6+ Kd8 83. Qd5 Kd7 84. Kg5 Kd8 85. Kf4 Kd7 86. Qb3 Kd8 87. Qa2 Kd7 88. Qe2 Kd8 89. Qh5 Kd7 90. g4 fxg4 91. Qxg4+ Kd8 92. Qg5+ Kd7 93. Qg4+ Kd8 94. Kg3 Re7 95. Qg8+ Kd7 96. Qg4+ Kd8 97. Qg5 Kd7 98. f4 exf3 99. Kxf3 Re8 100. Qd5 Kd8 101. e4 Rxe4 102. Qxd6+ cxd6 103. Kxe4 Ke8 104. Kf5 Ke7 105. d5 1/2-1/2

[Event "Pulvermuehle 2nd"]
[Site "Pulvermuehle"]
[Date "2004.02.22"]
[Round "5"]
[White "Bischoff, Klaus"]
[Black "Naiditsch, Arkadij"]
[Result "1-0"]
[WhiteElo "2561"]
[BlackElo "2576"]
[PlyCount "103"]
[EventDate "2004.02.19"]
[Source "ChessBase"]
[SourceDate "2004.06.01"]

1. c4 e5 2. Nc3 Bb4 3. Qc2 Nf6 4. e3 O-O 5. Nge2 Re8 6. a3 Bf8 7. g3 c6 8. Bg2 d5 9. cxd5 cxd5 10. d4 Nc6 11. O-O Bg4 12. h3 Bxe2 13. Nxe2 exd4 14. exd4 Rc8 15. Qd3 Ne4 16. Be3 Na5 17. b3 Qb6 18. Rfb1 Bd6 19. h4 Rc7 20. Ra2 h5 21. Bxe4 dxe4 22. Qd1 Qb5 23. d5 b6 24. Rd2 Nb7 25. b4 g6 26. a4 Qd7 27. Nd4 a5 28. bxa5 bxa5 29. Nb5 Rcc8 30. Na7 Rc4 31. Rc2 Rxa4 32. Nc6 Ra3 33. Qd4 Qh3 34. Bh6 Bf8 35. Bxf8 Rxf8 36. Ne7+ Kh7 37. Nxg6 Kxg6 38. Qxe4+ Qf5 39. Qxf5+ Kxf5 40. Rxb7 Rd3 41. Rc5 a4 42. Ra7 a3 43. d6+ Kg6 44. Rg5+ Kh6 45. Raa5 f5 46. Ra6 Rf6 47. Ra8 Rf7 48. Rh8+ Rh7 49. Rxh5+ Kxh5 50. Rxh7+ Kg6 51. Ra7 f4 52. g4 1-0

[Event "Moscow ol (Men)"]
[Site "Moscow"]
[Date "1994.??.??"]
[Round "2"]
[White "Georgiev, Kiril"]
[Black "Adianto, Utut"]
[Result "1/2-1/2"]
[WhiteElo "2615"]
[BlackElo "2520"]
[PlyCount "92"]
[EventDate "1994.11.??"]
[Source "ChessBase"]

1. c4 e5 2. Nc3 Bb4 3. Nd5 Bd6 4. d4 c6 5. dxe5 Bxe5 6. Nf3 d6 7. Nxe5 dxe5 8. Nc3 Qxd1+ 9. Nxd1 Na6 10. g3 Ne7 11. Bd2 Nf5 12. Bg2 Be6 13. Rc1 O-O-O 14. Ba5 Rd7 15. O-O h5 16. h3 f6 17. Re1 g5 18. b3 g4 19. h4 Nd4 20. Ne3 Nc7 21. Nc2 Nxc2 22. Rxc2 Bf5 23. Rd2 Rhd8 24. Rxd7 Rxd7 25. f3 Ne6 26. Rf1 Nd4 27. fxg4 Nxe2+ 28. Kh2 Bxg4 29. Rxf6 Rg7 30. Rd6 Rg8 31. Be4 Rf8 32. Kg2 Nd4 33. Bc3 Bf5 34. Bf3 Nxf3 35. Kxf3 Bg4+ 36. Ke4 Rf2 37. Rd2 Rxd2 38. Bxd2 b5 39. Kxe5 bxc4 40. bxc4 Kb7 41. Kd4 a6 42. Kc5 Be2 43. a4 Bd1 44. a5 Bg4 45. Kd6 Be2 46. c5 Bd1 1/2-1/2

[Event "ZSG Open"]
[Site "NED"]
[Date "1993.??.??"]
[Round "4"]
[White "Christiansen, Larry M"]
[Black "Mainka, Romuald"]
[Result "0-1"]
[WhiteElo "2620"]
[BlackElo "2515"]
[PlyCount "148"]
[EventDate "1993.??.??"]
[Source "www.chesslib.no"]
[SourceDate "2004.05.04"]

1. c4 e5 2. Nc3 Bb4 3. Nd5 a5 4. Nf3 Nc6 5. a3 Be7 6. d4 d6 7. e3 f5 8. b3 Nf6 9. Bb2 e4 10. Nd2 O-O 11. Be2 Nxd5 12. cxd5 Nb8 13. Rc1 c6 14. dxc6 bxc6 15. O-O d5 16. f3 Be6 17. fxe4 fxe4 18. Rxf8+ Qxf8 19. Nf1 Ra7 20. a4 Bd7 21. Bc3 Qd8 22. Be1 Be8 23. Bg3 Ba3 24. Rc2 Rb7 25. Bg4 Kh8 26. Rf2 Nd7 27. Bf5 Nf6 28. Be5 Be7 29. Ng3 Bd6 30. Be6 Bg6 31. Qf1 Be7 32. Qd1 Qe8 33. h4 h6 34. Bf5 Bd8 35. Bh3 Bc7 36. Bxc7 Rxc7 37. Qf1 Qd8 38. Ne2 Qe7 39. Nf4 Bf7 40. Qe1 Rb7 41. Rc2 Qc7 42. Rc3 Qd6 43. Qg3 Qc7 44. Bf5 Kg8 45. Qh3 Qd6 46. Bg6 Rc7 47. Rc5 Bxg6 48. Nxg6 Nd7 49. h5 Nxc5 50. dxc5 Qf6 51. Qg4 Kh7 52. Qg3 Rc8 53. Ne5 Qf5 54. Qg6+ Qxg6 55. hxg6+ Kg8 56. Kf2 Kf8 57. Ke2 Ke7 58. Kd2 Ke6 59. Nf7 h5 60. Kc3 Rb8 61. Ng5+ Kf5 62. Nh3 h4 63. Ng1 Kxg6 64. Ne2 Kf6 65. Nd4 g5 66. Kd2 g4 67. Ke2 Rb4 68. Nxc6 Rxb3 69. Nxa5 Rb2+ 70. Kf1 h3 71. gxh3 gxh3 72. Kg1 Kg5 73. c6 Kg4 74. Nc4 Rc2 0-1

[Event "Las Palmas Open"]
[Site "?"]
[Date "1996.??.??"]
[Round "8"]
[White "Miezis Normunds"]
[Black "Gulko Boris F"]
[Result "0-1"]
[WhiteElo "2515"]
[BlackElo "2615"]
[PlyCount "92"]
[EventDate "1996.??.??"]
[Source "www.chesslib.no"]
[SourceDate "2004.05.04"]

1. c4 e5 2. Nc3 Bb4 3. g3 Bxc3 4. dxc3 d6 5. e4 b6 6. Bg2 Bb7 7. Qg4 Qf6 8. Qe2 Nd7 9. Nf3 Ne7 10. Bg5 Qe6 11. Nh4 f6 12. Be3 O-O-O 13. O-O-O g5 14. Nf3 h6 15. h4 Qg4 16. Nd4 Qxe2 17. Nxe2 g4 18. f3 gxf3 19. Bxf3 f5 20. Rhf1 Rdf8 21. exf5 Bxf3 22. Rxf3 Rxf5 23. Rdf1 Rhf8 24. Rxf5 Rxf5 25. Rg1 h5 26. Bg5 Nf6 27. g4 hxg4 28. Bxf6 Rxf6 29. Rxg4 Nf5 30. h5 Kd7 31. Kd2 Rh6 32. Rg5 Ke6 33. Ng3 Nxg3 34. Rxg3 Rxh5 35. Rg7 Rh2+ 36. Kc1 e4 37. Rxc7 e3 38. Kd1 a5 39. a4 Rxb2 40. Rb7 Kf5 41. Re7 Kf4 42. Re6 Rd2+ 43. Kc1 Kf3 44. Rf6+ Ke4 45. Re6+ Kf4 46. Kb1 e2 0-1

[Event "FRA, Team Ch N1 2004/05 rounds 8-10"]
[Site "?"]
[Date "2005.05.05"]
[Round "8.1"]
[White "Bunzmann Dimitrij"]
[Black "Eingorn Vereslav S"]
[Result "1/2-1/2"]
[WhiteElo "2540"]
[BlackElo "2587"]
[PlyCount "21"]
[EventDate "2005.??.??"]
[Source "www.chesslib.no"]
[SourceDate "2004.05.04"]

1. c4 e5 2. Nc3 Bb4 3. g3 Bxc3 4. bxc3 d6 5. Bg2 Ne7 6. Nf3 Nbc6 7. d4 O-O 8. O-O f6 9. Ba3 Kh8 10. Qd3 b6 11. Rad1 1/2-1/2

[Event "Zonal"]
[Site "?"]
[Date "1998.04.28"]
[Round "1"]
[White "Uhlmann Wolfgang"]
[Black "Sokolov Ivan"]
[Result "1/2-1/2"]
[WhiteElo "2495"]
[BlackElo "2625"]
[PlyCount "92"]
[EventDate "1998.??.??"]
[Source "www.chesslib.no"]
[SourceDate "2004.05.04"]

1. c4 e5 2. Nc3 Bb4 3. g3 Ne7 4. Qb3 Nbc6 5. Nf3 a5 6. Bg2 O-O 7. O-O d6 8. d3 Bg4 9. h3 Bxf3 10. exf3 Nd4 11. Qd1 c6 12. f4 Ne6 13. Ne2 Bc5 14. Bd2 h5 15. Bc3 exf4 16. d4 Bb6 17. d5 fxg3 18. Nxg3 cxd5 19. cxd5 Nf4 20. Nxh5 Nxh5 21. Qxh5 Ng6 22. Rae1 Qh4 23. Qxh4 Nxh4 24. Re4 Ng6 25. Rfe1 Rad8 26. h4 f5 27. Rc4 Rfe8 28. Rxe8+ Rxe8 29. Kf1 Bc5 30. h5 Ne5 31. Rf4 Bb4 32. Bxe5 Rxe5 33. Bh3 Bd2 34. Rd4 Bc1 35. b3 b5 36. Bg2 Kf7 37. Bf3 Kf6 38. Be2 Bb2 39. Rd3 Re4 40. Bf3 Re5 41. Rd2 Bc3 42. Re2 Kg5 43. Bg2 Kg4 44. Rxe5 Bxe5 45. Ke2 Kxh5 46. Bh3 g5 1/2-1/2

[Event "Deutschland"]
[Site "?"]
[Date "2003.01.26"]
[Round "5.2"]
[White "Rotstein Arkadij"]
[Black "Glek Igor V"]
[Result "0-1"]
[WhiteElo "2544"]
[BlackElo "2576"]
[PlyCount "78"]
[EventDate "2003.??.??"]
[Source "www.chesslib.no"]
[SourceDate "2004.05.04"]

1. c4 e5 2. Nc3 Bb4 3. Nd5 a5 4. b3 Ne7 5. Nxb4 axb4 6. Bb2 d6 7. d4 f6 8. Qd2 c5 9. dxc5 dxc5 10. Qxd8+ Kxd8 11. e3 Nbc6 12. Nf3 Kc7 13. Be2 Rd8 14. Nd2 Bf5 15. g4 Bc2 16. g5 Ra6 17. Bf3 f5 18. Bxc6 Nxc6 19. g6 hxg6 20. Rg1 Rda8 21. Rc1 Bd3 22. a4 bxa3 23. Ba1 f4 24. Nf3 Re8 25. Rg5 Bf5 26. h4 e4 27. Nd2 Nb4 28. Kf1 a2 29. h5 Rd6 30. hxg6 Bh3+ 31. Ke2 f3+ 32. Nxf3 exf3+ 33. Kxf3 Nd3 34. Rh1 Rf8+ 35. Kg3 Nxf2 36. Rxh3 Nxh3 37. Rxc5+ Kd7 38. Kxh3 Rxg6 39. Rd5+ Kc6 0-1

[Event "Brocco Open"]
[Site "Brocco"]
[Date "1991.??.??"]
[Round "4"]
[White "Hort, Vlastimil"]
[Black "Gavrikov, Viktor N"]
[Result "1/2-1/2"]
[WhiteElo "2540"]
[BlackElo "2580"]
[PlyCount "22"]
[EventDate "1991.??.??"]
[Source "www.chesslib.no"]
[SourceDate "2004.05.04"]

1. c4 e5 2. Nc3 Bb4 3. g3 Bxc3 4. dxc3 d6 5. Bg2 Nc6 6. e4 Nge7 7. Nf3 Be6 8. Qe2 h6 9. Be3 f5 10. Nd2 O-O 11. exf5 Nxf5 1/2-1/2

[Event "Yerevan (ol)"]
[Site "?"]
[Date "1996.??.??"]
[Round "?"]
[White "Bacrot, E."]
[Black "Rublevsky, S."]
[Result "1-0"]
[WhiteElo "2470"]
[BlackElo "2645"]
[PlyCount "101"]
[EventDate "1996.??.??"]
[Source "ChessBase"]
[SourceDate "1996.06.01"]

1. c4 e5 2. Nc3 Bb4 3. Nd5 Be7 4. d4 d6 5. g3 c6 6. Nxe7 Qxe7 7. Bg2 f5 8. c5 e4 9. b4 dxc5 10. bxc5 Qf7 11. Bf4 Ne7 12. Bd6 O-O 13. Nh3 Re8 14. O-O Nd5 15. Qc2 Nd7 16. Nf4 N7f6 17. Nxd5 Nxd5 18. Rab1 b5 19. cxb6 axb6 20. Qxc6 Ba6 21. Qc2 Rec8 22. Qd2 Nc3 23. Rxb6 Nxe2+ 24. Kh1 Bd3 25. Be5 Nc3 26. Rc1 Nd5 27. Rxc8+ Rxc8 28. Rb2 h6 29. h3 Kh7 30. a4 Rc4 31. a5 Ra4 32. Ra2 Qd7 33. Kh2 Rxa2 34. Qxa2 Nb4 35. Qb3 Nd5 36. Qa3 Ne7 37. Qc5 Qb7 38. Bd6 Nd5 39. Be5 Ne7 40. Qd6 Ng6 41. Qb6 Qc8 42. Qc7 Qxc7 43. Bxc7 Ne7 44. Kg1 Nd5 45. Bb6 Kg6 46. Bf1 f4 47. Bc5 Kf5 48. a6 Nc7 49. a7 f3 50. Bf8 Kf6 51. d5 1-0

[Event "Hans & Lenze"]
[Site "Lippstadt"]
[Date "1998.08.02"]
[Round "4"]
[White "Bischoff, Klaus"]
[Black "Kindermann, Stefan"]
[Result "1/2-1/2"]
[WhiteElo "2550"]
[BlackElo "2565"]
[PlyCount "34"]
[EventDate "1998.07.30"]
[Source "ChessBase"]
[SourceDate "1998.09.09"]

1. c4 e5 2. Nc3 Bb4 3. Qc2 Nf6 4. a3 Bxc3 5. Qxc3 Nc6 6. e3 O-O 7. b4 d6 8. Bb2 Qe7 9. d3 Nd4 10. Ne2 Nxe2 11. Bxe2 Bg4 12. f3 Bd7 13. O-O Rfe8 14. Rfe1 d5 15. Bd1 c6 16. Bb3 Qe6 17. Rac1 Rac8 1/2-1/2

[Event "Nantes op 1st"]
[Site "?"]
[Date "2002.12.28"]
[Round "7"]
[White "Istratescu Andrei"]
[Black "Belkhodja Slim"]
[Result "1-0"]
[WhiteElo "2615"]
[BlackElo "2497"]
[PlyCount "105"]
[EventDate "2002.??.??"]
[Source "www.chesslib.no"]
[SourceDate "2004.05.04"]

1. c4 e5 2. Nc3 Bb4 3. Nd5 Be7 4. d4 d6 5. e4 Nf6 6. Nxe7 Qxe7 7. f3 exd4 8. Qxd4 Nc6 9. Qc3 O-O 10. Ne2 Re8 11. b3 Qe5 12. Bb2 Nb4 13. Rd1 a5 14. a3 Qxc3+ 15. Nxc3 Na6 16. Bd3 Be6 17. Bc2 Nd7 18. Kf2 h5 19. Nd5 f6 20. Bc3 b6 21. h3 Ne5 22. f4 Ng6 23. Kf3 Ne7 24. g4 Nxd5 25. exd5 Bf7 26. Rhe1 Nc5 27. Rxe8+ Rxe8 28. b4 axb4 29. axb4 Nd7 30. Ba4 hxg4+ 31. hxg4 Re7 32. Bb5 f5 33. Ra1 fxg4+ 34. Kxg4 Be8 35. Ra8 Kf7 36. Rc8 Nf6+ 37. Bxf6 Bxb5 38. Bxe7 Bd7+ 39. Kf3 Bxc8 40. Bd8 b5 41. cxb5 Ke8 42. Bxc7 Kd7 43. b6 g6 44. Kg4 Ba6 45. Kg5 Bd3 46. Bb8 Be4 47. Kf6 Bxd5 48. Kxg6 Kc6 49. f5 Kxb6 50. f6 Kc6 51. f7 Bxf7+ 52. Kxf7 d5 53. Bf4 1-0

[Event "FRA-chT 9900"]
[Site "?"]
[Date "2000.04.29"]
[Round "8.3"]
[White "Andersson Ulf"]
[Black "Godena Michele"]
[Result "1-0"]
[WhiteElo "2625"]
[BlackElo "2487"]
[PlyCount "61"]
[EventDate "2000.??.??"]
[Source "www.chesslib.no"]
[SourceDate "2004.05.04"]

1. c4 e5 2. Nc3 Bb4 3. Nd5 Bc5 4. e3 Nf6 5. d4 Nxd5 6. cxd5 exd4 7. exd4 Bb4+ 8. Bd2 Bxd2+ 9. Qxd2 O-O 10. Bc4 c6 11. Ne2 cxd5 12. Bxd5 d6 13. O-O Nd7 14. Rfe1 Nf6 15. Bf3 Qb6 16. Nf4 Bd7 17. Re3 Bc6 18. Rb3 Qc7 19. Rc1 Qd7 20. Bxc6 bxc6 21. h3 Rfe8 22. Qc2 Rac8 23. Rc3 Qb7 24. Rxc6 Rxc6 25. Qxc6 Qxb2 26. Nd5 Rf8 27. Nxf6+ gxf6 28. Rc3 Rd8 29. Qc7 Qb1+ 30. Kh2 Qb6 31. Qe7 1-0

[Event "Campionato europeo 2007"]
[Site "Dresda GER"]
[Date "2007.04.07"]
[Round "5.56"]
[White "Mchedlishvili, Mikheil"]
[Black "Van der Weide, Karel"]
[Result "1/2-1/2"]
[WhiteElo "2609"]
[BlackElo "2502"]
[PlyCount "85"]
[EventDate "2007.04.03"]
[Source "www.chesslib.no"]
[SourceDate "2004.05.04"]

1. c4 e5 2. Nc3 Bb4 3. Nd5 Bc5 4. Nf3 c6 5. Nc3 d6 6. g3 Nf6 7. d3 h6 8. Bg2 O-O 9. O-O Bb6 10. h3 Re8 11. e4 Nbd7 12. Rb1 a5 13. d4 exd4 14. Nxd4 Nc5 15. Re1 Nfd7 16. b3 Ne5 17. Be3 a4 18. Re2 axb3 19. axb3 Qf6 20. f4 Ned7 21. Rd2 Ra3 22. Qc2 Nf8 23. Bf2 h5 24. Qb2 Ra8 25. Nde2 h4 26. g4 Ng6 27. g5 Qe7 28. Rbd1 Nxf4 29. Nxf4 Qxg5 30. b4 Nd7 31. Rf1 Bxf2+ 32. Rdxf2 Ne5 33. c5 dxc5 34. bxc5 Ra5 35. Qb4 Rxc5 36. Kh1 Rc4 37. Qa5 b6 38. Qa1 b5 39. Nce2 Ra4 40. Qc3 Rc4 41. Qa1 Ra4 42. Qc3 Rc4 43. Qa1 1/2-1/2

[Event "Novi Sad (ol)"]
[Site "?"]
[Date "1990.??.??"]
[Round "?"]
[White "Illescas Cordoba, M."]
[Black "Psakhis, L."]
[Result "1/2-1/2"]
[WhiteElo "2535"]
[BlackElo "2575"]
[PlyCount "40"]
[EventDate "1990.??.??"]
[Source "ChessBase"]
[SourceDate "1990.07.01"]

1. c4 e5 2. Nc3 Bb4 3. Nd5 Ba5 4. b4 c6 5. bxa5 cxd5 6. cxd5 Qxa5 7. e4 Nf6 8. f3 O-O 9. Ne2 d6 10. a4 Na6 11. Nc3 Nc5 12. Ba3 Nh5 13. Bc4 Bd7 14. Qb1 f5 15. O-O fxe4 16. fxe4 Rxf1+ 17. Bxf1 Rf8 18. Bb5 Qc7 19. Bxd7 Nxd7 20. Qb4 Nc5 1/2-1/2